Closest Capitals Quiz Stats

Quiz not verified by Sporcle

Challenge
Share
Tweet
Embed
Score 0/40 Timer 10:00
0 Plays Today
City World Capital % Correct
New Orleans, USAHavana, Cuba
78.1%
Boise, USAMexico City, Mexico
75%
Boston, USAOttawa, Canada
73.4%
Glasgow, UKDublin, Ireland
73.4%
Basra, IraqKuwait City, Kuwait
73.4%
Kolkata, IndiaDhaka, Bangladesh
73.4%
Tromso, NorwayHelsinki, Finland
73.4%
Shanghai, ChinaTaipei, Taiwan
73.4%
Izmir, TurkeyAthens, Greece
71.9%
Frankfurt, GermanyLuxembourg, Luxembourg
71.9%
Brest, FranceLondon, UK
71.9%
Bordeaux, FranceAndorra la Vella, Andorra
70.3%
Nuuk, DenmarkReykjavik, Iceland
70.3%
Aleppo, SyriaBeirut, Lebanon
70.3%
Ho Chi Minh City, VietnamPhnom Penh, Cambodia
68.8%
Manaus, BrazilGeorgetown, Guyana
68.8%
Cartagena, ColombiaPanama City, Panama
68.8%
Milan, ItalyVaduz, Liechtenstein
67.2%
Dresden, GermanyPrague, Czech Republic
65.6%
Lagos, NigeriaPorto Novo, Benin
65.6%
City World Capital % Correct
Thessaloniki, GreeceSkopje, Macedonia
65.6%
Santiago de Cuba, CubaKingston, Jamaica
65.6%
Curitiba, BrazilAsuncion, Paraguay
62.5%
Sevastopol, UkraineChisinau, Moldova
62.5%
Shenyang, ChinaPyongyang, North Korea
60.9%
Durban, South AfricaMaseru, Lesotho
60.9%
Alicante, SpainAlgiers, Algeria
59.4%
Lhasa, ChinaThimphu, Bhutan
59.4%
Jeddah, Saudi ArabiaAsmara, Eritrea
57.8%
Nome, USATokyo, Japan
57.8%
Chongqing, ChinaHanoi, Vietnam
57.8%
Perth, AustraliaDili, Timor-Leste
56.3%
Cagliari, ItalyTunis, Tunisia
56.3%
Urumqi, ChinaBishkek, Kyrgyzstan
53.1%
Gao, MaliNiamey, Niger
53.1%
Lubumbashi, DRCLusaka, Zambia
50%
Shiraz, IranManama, Bahrain
43.8%
Karachi, PakistanMuscat, Oman
39.1%
Honolulu, USAMajuro, Marshall Islands
35.9%
Bangalore, IndiaSri Jaywardenepura Kotte, Sri Lanka
28.1%

You're not logged in!

Compare scores with friends on all Sporcle quizzes.
Join for Free
OR
Log In

You Might Also Like...

Show Comments

Extras

Top Quizzes Today


Score Distribution

Your Account Isn't Verified!

In order to create a playlist on Sporcle, you need to verify the email address you used during registration. Go to your Sporcle Settings to finish the process.

Report this User

Report this user for behavior that violates our Community Guidelines.

Details: